Kinderbücher von Astrid Lindgren - Statistiken

Allgemein
  • Dieses Quiz wurde 386 mal gespielt
  • Das Durchschnittsergebnis liegt bei 7 aus 28
Antwortstatistiken
Werk % Korrekt
Pippi Langstrumpf
98%
Michel aus Lönneberga
87%
Wir Kinder aus Bullerbü
77%
Karlsson vom Dach
62%
Ronja Räubertochter
58%
Madita
47%
Lotta aus der Krachmacherstraße
45%
Die Brüder Löwenherz
43%
Ferien auf Saltkrokan
39%
Mio, mein Mio
31%
Kalle Blomquist
26%
Rasmus und der Landstreicher &Rasmus, Pontus und der Schwertschlucker
17%
Tomte Tummetott
12%
Nils Karlsson-Däumling
11%
Polly hilft der Großmutter
10%
Der Drache mit den roten Augen
5%
Britt-Mari erleichtert ihr Herz
4%
Kati
4%
Kerstin und ich
4%
Rupp Rüpel: das grausigste Gespenst aus Småland
3%
Weihnachten im Stall
3%
Das entschwundene Land
2%
Jule und die Seeräuber
2%
Nein, ich will noch nicht ins Bett!
2%
Als der Bäckhultbauer in die Stadt fuhr
1%
Der Räuber Assar Bubbla
1%
Kinder unserer Erde
1%
Peter und Lena
1%
Keine übereinstimmenden Quizze gefunden
Verteilung der Resultate
Anzahl Personen mit jedem Resultat
Perzentil nach korrekt beantworteten Fragen
Ihre Resultats-Entwicklung
Sie haben dieses Quiz noch nicht gespielt